|
|
|
|
| LEADER |
00874nam a2200217 a 4500 |
| 001 |
2238034 |
| 008 |
100621s1974 it a b i000 0 eng d |
| 010 |
|
|
|a 76357501
|
| 040 |
|
|
|a DLC
|c DLC
|d DLC
|
| 082 |
0 |
0 |
|a 664/.725
|2 118
|
| 100 |
1 |
|
|a Gariboldi, F.
|
| 245 |
1 |
0 |
|a Rice parboiling /
|c by F. Gariboldi.
|
| 260 |
|
|
|a Rome :
|b Food and Agriculture Organization of the United Nations ;
|a New York :
|b [sold by] UniPub,
|c 1974.
|
| 300 |
|
|
|a ix, 97 p. :
|b ill. ;
|c 23 cm.
|
| 490 |
0 |
|
|a FAO agricultural development paper ;
|v no. 97
|
| 504 |
|
|
|a Includes Bibliography (p. [93]-97.)
|
| 541 |
1 |
|
|e 00000389
|
| 650 |
|
0 |
|a Rice
|x Parboiling.
|
| 852 |
4 |
|
|a Ayesha Abed Library
|j General shelf
|
| 999 |
|
|
|c 9036
|d 9036
|
| 952 |
|
|
|0 0
|1 0
|2 ddc
|4 0
|6 664_725000000000000_GAR_1974
|7 0
|9 11158
|a BRACUL
|b BRACUL
|c GEN
|d 2010-06-22
|g 0.00
|l 0
|o 664.725 GAR
|p 3010000389
|r 2010-06-22
|t 1
|w 2010-06-22
|y BK
|z Not price in Register
|